[Event "DEN-chJ"]
[Site "Lyngby"]
[Date "1996.??.??"]
[Round "2"]
[White "Rowson, Jonathan"]
[Black "Pedersen, Nicolai Vesterbaek"]
[Result "1-0"]
[WhiteElo "2425"]
[BlackElo "2290"]

1.d4 d5 2.c4 e6 3.Nc3 c6 4.Nf3 Nf6 5.e3 Nbd7 6.Qc2 Bd6 7.g4 dxc4 8.Bxc4 b5
9.Be2 Bb7 10.g5 Nd5 11.Ne4 Be7 12.Bd2 Nb4 13.Qc3 Nd5 14.Qc2 Nb4 15.Qb3 a5
16.a3 Na6 17.Ne5 Nxe5 18.dxe5 Qd5 19.Qxd5 exd5 20.Ng3 Nc5 21.Nf5 Bf8 22.Nd4 Ne4
23.Rc1 Bc5 24.f3 Bxd4 25.exd4 Nxd2 26.Kxd2 h6 27.h4 Ke7 28.Ke3 g6 29.gxh6 Rxh6
30.Bxb5 Kd7 31.Ba4 Rah8 32.Rc5 Rxh4 33.Rxh4 Rxh4 34.Rxd5+ Kc7 35.Rxa5 Rh3
36.Rc5 Kb6 37.Bc2 g5 38.Bf5 Rh2 39.Rc2 Rh1 40.Be4 Re1+ 41.Re2 Rc1 42.Rg2 c5
43.dxc5+ Rxc5 44.Bxb7 Kxb7 45.Rxg5 Rc2 46.Rg4  1-0

[Event "DEN-chJ"]
[Site "Lyngby"]
[Date "1996.??.??"]
[Round "7"]
[White "Johansen, Terje"]
[Black "De Wachter, Matthias"]
[Result "1-0"]
[WhiteElo "2375"]
[BlackElo "2170"]

1.d4 d5 2.c4 c6 3.Nc3 Nf6 4.Nf3 e6 5.e3 Nbd7 6.Qc2 Bd6 7.g4 Nxg4 8.Rg1 Nxh2
9.Nxh2 Bxh2 10.Rxg7 Nf8 11.Rg2 Bd6 12.Bd2 Bd7 13.O-O-O Qc7 14.e4 dxc4 15.Kb1 c5
16.d5 b5 17.dxe6 fxe6 18.Bg5 Ng6 19.Rxd6 Qxd6 20.Bf6 Rf8 21.e5 Qd4 22.Rxg6 hxg6
23.Qxg6+ Rf7 24.Be2 Qxf2 25.Qg8+  1-0

[Event "DEN-chJ"]
[Site "Lyngby"]
[Date "1996.??.??"]
[Round "7"]
[White "Petersen, Steen"]
[Black "Johansen, Morten"]
[Result "0-1"]
[WhiteElo "2150"]
[BlackElo "2220"]

1.d4 d5 2.c4 c6 3.Nf3 Nf6 4.e3 e6 5.Nc3 Nbd7 6.Qc2 Be7 7.Be2 O-O 8.O-O a6
9.a4 dxc4 10.Bxc4 Qc7 11.Rd1 e5 12.Be2 exd4 13.Nxd4 Bd6 14.g3 Nc5 15.b4 Ne6
16.Nxe6 Bxe6 17.Ba3 Qe7 18.Qb2 Nd5 19.e4 Nf4 20.Bf3 Nh3+ 21.Kg2 Ng5 22.Rd3 Qf6
23.Be2 Be5 24.f4 Nxe4 25.fxe5 Qf2+ 26.Kh1 Nxc3 27.Qxc3 Qxe2 28.Kg1 Bd5 29.Rd2 Qe4
30.h4 Rfe8 31.Bb2 Re6 32.Kf2 Rg6 33.Rg1 Rg4 34.Rd4 Qf5+ 35.Rf4 Rxf4+ 36.gxf4 Qxf4+
37.Ke1 Qxh4+ 38.Kd2 Qf2+  0-1

[Event "DEN-chJ"]
[Site "Lyngby"]
[Date "1996.??.??"]
[Round "9"]
[White "Schneider, Stefan"]
[Black "Johansen, Morten"]
[Result "1/2-1/2"]
[WhiteElo "2230"]
[BlackElo "2220"]

1.d4 d5 2.c4 c6 3.Nc3 Nf6 4.e3 e6 5.Nf3 Nbd7 6.Qc2 Be7 7.Be2 O-O 8.O-O b6
9.Rd1 Bb7 10.b3 Qc7 11.Bb2 Rfd8 12.Rac1 Rac8 13.Qb1 Qb8 14.h3 Qa8 15.e4 dxe4
16.Nxe4 c5 17.Nxf6+ Bxf6 18.dxc5 Be4 19.Qa1 Bxb2 20.Qxb2 Nxc5 21.Qc3 a5 22.Qe3 h6
23.a3 Rxd1+ 24.Rxd1 Bc2 25.Rd6 Qb8 26.Qd4 Bxb3 27.Ne5 Ba4 28.Bf3 Be8 29.g4 Qc7
30.Bg2 Rb8 31.h4 Qe7 32.Nf3 Rb7 33.Ne5 Rb8 34.Nf3 Qf6 35.g5 Qxd4 36.Nxd4 hxg5
37.hxg5 g6 38.Bc6 Bxc6 39.Nxc6 Rb7 40.Rd8+ Kg7 41.Ne5 Ne4 42.Rd7 Rxd7 43.Nxd7 Nxg5
44.Nxb6 Kf6 45.c5 Ke7 46.Nc4 Ne4 47.Nxa5 Nxc5 48.Nc4 f6 49.Kg2 Kd7 50.Kf3 Kc6
51.Ke3 e5 52.f4 exf4+ 53.Kxf4 Kd5 54.Nb6+ Kd4 55.a4 Ne6+ 56.Kf3 f5 57.a5 Kc5
58.Nd7+ Kd6 59.Nb6 Kc6 60.Nc4 Kb5 61.Ne5 g5 62.Nf7 g4+ 63.Kg3 Kxa5 64.Ne5 Kb4
65.Nxg4 Kc3 66.Ne3  1/2-1/2

[Event "Asia-ch Boys"]
[Site "Macau"]
[Date "1996.??.??"]
[Round "?"]
[White "Abdulla, Al Rakib"]
[Black "Sharma, Dinesh K"]
[Result "0-1"]
[WhiteElo "2195"]
[BlackElo "2260"]

1.d4 d5 2.c4 c6 3.Nf3 Nf6 4.Nc3 e6 5.e3 Nbd7 6.Qc2 Bd6 7.Bd3 h6 8.O-O O-O
9.Rd1 Qe7 10.h3 dxc4 11.Bxc4 Re8 12.Ne2 Bb8 13.b3 e5 14.a4 e4 15.Ba3 Qd8
16.Ne5 Nd5 17.Nc3 Nxe5 18.dxe5 Bxe5 19.Nxd5 cxd5 20.Rxd5 Qg5 21.Rad1 Bxh3
22.Qxe4 Bf5 23.Qxe5 Rxe5 24.Rxe5 Qg6 25.Re7 Rf8 26.Bd5 Be6 27.Bxe6 fxe6 28.Rdd7 Re8
29.Rxe8+ Qxe8 30.Rxb7 a6 31.Bb2 e5 32.Rb6 Qd7 33.g3 Qc7 34.a5 Qc2 35.Ba3 Qa2
36.Bd6 Qxa5 37.Rb8+ Kf7 38.b4 Qd5 39.Bc5 a5 40.e4 Qxe4 41.bxa5 Qe1+ 42.Kg2 Qxa5
43.Be3 Qd5+ 44.Kh2 Kf6 45.Rb6+ Kf5 46.Ra6 h5 47.Ra7 g6 48.Rc7 Ke4 49.Rc5 Qf7
50.Kg2 Qf3+ 51.Kg1 Qe2 52.Kg2 Qa6 53.Rc7 Qf6 54.Rc3 g5 55.Bd2 Kd4 56.Rf3 Qg6
57.Be3+ Ke4 58.Rf8 h4 59.gxh4 gxh4+ 60.Kh3 Qe6+ 61.Kh2 Kd3 62.Ra8 Ke2 63.Ra1 Kf3
64.Rg1 e4 65.Rg5 Qf6 66.Kh3 Qe6+ 67.Kxh4 Qe7 68.Bc5 Qh7+ 69.Rh5 Qg6 70.Rg5  0-1

[Event "Madrid"]
[Site "Madrid"]
[Date "1996.??.??"]
[Round "1"]
[White "Kortschnoj, Viktor"]
[Black "Gelfand, Boris"]
[Result "1/2-1/2"]
[WhiteElo "2645"]
[BlackElo "2700"]

1.d4 d5 2.c4 c6 3.Nf3 Nf6 4.Nc3 e6 5.e3 Nbd7 6.Bd3 dxc4 7.Bxc4 b5 8.Bd3 a6
9.e4 c5 10.e5 cxd4 11.Ne4 Nd5 12.O-O h6 13.a4 b4 14.Bc4 Bb7 15.Qxd4 Qb6 16.Rd1 Rc8
17.a5 Qxd4 18.Rxd4 Nc5 19.Nd6+ Bxd6 20.exd6 O-O 21.Bd2 Rfd8 22.Rc1 Rxd6 23.Bxb4 Rdc6
24.Bxd5 exd5 25.Rxd5 Rg6 26.Nh4 Bxd5 27.Nxg6 fxg6 28.Bxc5 g5 29.h3 Bb3 30.Rc3 Ba4
31.b4 Bb5 32.Rc1 Kf7 33.Rd1 Re8 34.Rd6 Re6 35.Rb6 Rxb6 36.axb6 Bc6 37.g4 g6
38.Bd4 Ke6 39.Bg7 h5 40.Bh6 hxg4 41.hxg4 Bf3 42.Kh2 Kf6 43.Kg3 Bb7 44.Bf8 Ke6  1/2-1/2

[Event "Manresa op"]
[Site "Manresa"]
[Date "1996.??.??"]
[Round "4"]
[White "Gomez, Adalberto"]
[Black "Marin Ionescu, Luiza"]
[Result "1-0"]
[WhiteElo "2300"]
[BlackElo "2240"]

1.d4 d5 2.Nf3 Nf6 3.c4 c6 4.Nc3 e6 5.e3 Nbd7 6.Qc2 Bd6 7.g4 Nxg4 8.Rg1 Qf6
9.Rxg4 Qxf3 10.Rxg7 Nf8 11.Rg2 Ng6 12.Qe2 Qf6 13.f4 Bd7 14.Bd2 O-O-O 15.O-O-O Nh4
16.Rf2 Nf5 17.Kb1 Rhg8 18.c5 Bc7 19.b4 Rg1 20.Bc1 Rdg8 21.Qb2 a6 22.a4 Qg6
23.Ka2 Kd8 24.Ne2 Rh1 25.Qc2 Qh5 26.Nc3 Rgg1 27.Ne2 Rxh2 28.Rxh2 Qxh2 29.Kb3 Rg8
30.Nc3 Qxc2+ 31.Kxc2 f6 32.Bd3 Rg2+ 33.Kb3 e5 34.dxe5 fxe5 35.fxe5 Bxe5 36.Nxd5 cxd5
37.Bxf5 Bc6 38.Be4 Rh2 39.Bxd5 Kc7 40.Bxc6 Kxc6 41.Bd2 h5 42.Bc3 Bg3 43.Rd8 Re2
44.Bd4 h4 45.Rh8 Bf2 46.Kc4 Rc2+ 47.Kd3 Ra2 48.Rh6+ Kd7 49.b5 Rxa4 50.c6+ bxc6
51.bxc6+  1-0

[Event "Manresa op"]
[Site "Manresa"]
[Date "1996.??.??"]
[Round "8"]
[White "Ionescu, Cristian"]
[Black "Spassov, Liuben"]
[Result "1-0"]
[WhiteElo "2520"]
[BlackElo "2440"]

1.d4 Nf6 2.c4 e6 3.Nf3 d5 4.Nc3 c6 5.e3 Nbd7 6.Qc2 Bd6 7.Bd3 O-O 8.O-O Re8
9.e4 dxe4 10.Nxe4 Nxe4 11.Bxe4 h6 12.Rd1 Qe7 13.Bh7+ Kh8 14.Bd3 b6 15.Bd2 Bb7
16.Bc3 c5 17.Be4 Bxe4 18.Qxe4 Nf6 19.Qh4 Rad8 20.d5 e5 21.Re1 Qc7 22.Re3 Rd7
23.Rae1 Rde7 24.Qh3 Nh7 25.Nh4 g6 26.f4 Kg8 27.Nf3 f6 28.fxe5 Bxe5 29.Nxe5 fxe5
30.Qxh6 Nf8 31.Qg5 e4 32.h3 Qd6 33.Qg4 Qd7 34.Qh4 Rh7 35.Qf6 Qf5 36.Qxf5 gxf5
37.Rg3+ Kf7 38.Rf1  1-0

[Event "SVK-ch"]
[Site "Martin"]
[Date "1996.??.??"]
[Round "5"]
[White "Mihalik, Marek"]
[Black "Korbela, Lubomir"]
[Result "1/2-1/2"]
[WhiteElo "2120"]
[BlackElo "2230"]

1.d4 d5 2.Nf3 Nf6 3.c4 c6 4.Nc3 e6 5.e3 Nbd7 6.Qc2 Be7 7.b3 O-O 8.Bd3 b6
9.Bb2 Bb7 10.O-O Rc8 11.Ne5 c5 12.f4 cxd4 13.exd4 h6 14.f5 dxc4 15.Bxc4 Bd5
16.Nxf7 Rxf7 17.fxe6 Bxc4 18.bxc4 Rf8 19.exd7 Qxd7 20.Qd3 Bd6 21.Ne4 Nxe4
22.Qxe4 Rfe8 23.Qd5+ Qe6 24.Qxe6+ Rxe6 25.Rac1 Re2 26.c5 bxc5 27.Ba3 Rxa2
28.Bxc5 Bxc5  1/2-1/2

[Event "SVK-ch"]
[Site "Martin"]
[Date "1996.??.??"]
[Round "9"]
[White "Polak, Tomas"]
[Black "Grabliauskas, Virginijus"]
[Result "1/2-1/2"]
[WhiteElo "2440"]
[BlackElo "2405"]

1.d4 d5 2.c4 e6 3.Nf3 Nf6 4.Nc3 c6 5.e3 Nbd7 6.Qc2 Bd6 7.Bd3 O-O 8.O-O e5
9.cxd5 cxd5 10.Nb5 Bb8 11.dxe5 Nxe5 12.Nxe5 Bxe5 13.f4 Bb8 14.Bd2 a6 15.Nd4 Ba7
16.Bc3 Re8 17.Rae1 Bd7 18.Qb3 b5 19.Nc2 Ne4 20.Bxe4 dxe4 21.Bd4 Be6 22.Qa3 Bc4
23.Rf2 a5 24.Bxa7 Rxa7 25.Nd4 Qd7 26.Qc5 Rc8 27.Qh5 Rac7 28.a3 f6 29.h3 Qf7
30.Qh4 Bd3 31.Kh2 Rc1 32.Rxc1 Rxc1 33.Qg3 Qg6 34.Qh4 h6 35.Nb3 Rb1 36.Nxa5 Qf7
37.Nc6 Qd7 38.Nd4 Kh7 39.Qg3 Qd6 40.Qg4 Rc1 41.h4 g6 42.h5 f5 43.Qh3 Rc5
44.hxg6+ Qxg6 45.b4 Rc3 46.Nxf5 Rxa3 47.g4 Bc4 48.Nd4 Ra4 49.Qh4 Ra7 50.Rg2 Bf1
51.Rg1 Bc4 52.Rh1 Ra3 53.Nf5 Be6 54.Rc1 Ra7 55.Rc5 Bxf5 56.Rxf5 Qd6 57.g5 Qd2+
58.Kh3 Qxe3+ 59.Qg3 Qc1 60.gxh6 Ra3 61.Rf7+  1/2-1/2

[Event "Wch U20"]
[Site "Medellin"]
[Date "1996.??.??"]
[Round "1"]
[White "Kempinski, Robert"]
[Black "Martinez Garcia, Jose Joaquin"]
[Result "1-0"]
[WhiteElo "2510"]
[BlackElo "2190"]

1.d4 d5 2.Nf3 Nf6 3.c4 e6 4.Nc3 c6 5.e3 Bd6 6.b3 O-O 7.Bd3 Nbd7 8.O-O dxc4
9.bxc4 e5 10.Bb2 Re8 11.Qc2 exd4 12.exd4 Nf8 13.Rfe1 Ng6 14.Rxe8+ Qxe8 15.Re1 Qd8
16.Ne4 Nxe4 17.Bxe4 Bg4 18.h3 Bxf3 19.Bxf3 Qg5 20.Bc1 Nf4 21.Qe4 Rf8 22.g3 f5
23.Qb1 Nxh3+ 24.Kg2 Nf4+ 25.Kf1 Qf6 26.c5 Qxd4 27.Qb3+ Kh8 28.cxd6 Nd3 29.Be3 Qxd6
30.Rd1 Rd8 31.Be2 Qd5 32.Qxd5  1-0

[Event "Wch U20"]
[Site "Medellin"]
[Date "1996.??.??"]
[Round "3"]
[White "Lauber, Arnd"]
[Black "Pcola, Pavel"]
[Result "1-0"]
[WhiteElo "2380"]
[BlackElo "2450"]

1.d4 d5 2.c4 c6 3.e3 Nf6 4.Nc3 e6 5.Nf3 Nbd7 6.Qc2 Bd6 7.a3 O-O 8.b4 e5 9.cxd5 Nxd5
10.Nxd5 cxd5 11.dxe5 Nxe5 12.Bb2 Qf6 13.Nxe5 Bxe5 14.Bxe5 Qxe5 15.Rd1 Bf5
16.Bd3 Rac8 17.Qd2 Bg4 18.f3 Bd7 19.O-O Rfe8 20.Rfe1 g6 21.b5 Rc3 22.a4 Rec8
23.e4 Qd4+ 24.Qf2 Qxa4 25.exd5 b6 26.d6 Qa3 27.Be4 Rd8 28.Qh4 Qc5+ 29.Kh1 Re8
30.Bc6 g5 31.Rxe8+ Bxe8 32.Qe1 Re3 33.Qd2 Qe5 34.Bxe8 Re2 35.Qc1 g4 36.f4 Qf6
37.d7  1-0

[Event "Wch U20"]
[Site "Medellin"]
[Date "1996.??.??"]
[Round "9"]
[White "Kempinski, Robert"]
[Black "Kacheishvili, Giorgi"]
[Result "1/2-1/2"]
[WhiteElo "2510"]
[BlackElo "2515"]

1.Nf3 d5 2.d4 Nf6 3.c4 c6 4.Nc3 e6 5.e3 Nbd7 6.Qc2 Bd6 7.g4 dxc4 8.Bxc4 Nb6
9.Be2 c5 10.g5 Nfd5 11.Nxd5 Nxd5 12.dxc5 Qa5+ 13.Bd2 Qxc5 14.Qxc5 Bxc5 15.Rc1 Bd6
16.e4 Ne7 17.Bb5+ Bd7 18.Bxd7+ Kxd7 19.Rd1 f6 20.gxf6 gxf6 21.Bb4 Nc8 22.Rg1 e5
23.Rg7+ Ke6 24.Bc3 Rb8 25.Nh4 Bf8 26.Rc7 Bd6 27.Rg7 Bf8 28.Rg4 Nd6 29.f4 h5
30.Rg6 Nxe4 31.Bxe5 Rd8 32.Rxd8 Bb4+ 33.Ke2 Rxd8 34.Ke3 Kd5 35.Bxf6 Rc8 36.Be5 Rc2
37.Rg2 Bc5+ 38.Kd3 Rxg2 39.Nxg2 Nf2+ 40.Ke2 Ng4 41.Bb8 Nxh2 42.f5 Ng4 43.Kf3 Ne5+
44.Kf4 Nf7 45.Nh4 Be7 46.Ng6 Bg5+ 47.Kf3 a6 48.Nf4+ Bxf4 49.Kxf4 h4 50.Kg4 Ke4
51.f6 h3 52.Bg3 Kd5 53.Kf5 Nh8 54.b3 Nf7 55.Bh2  1/2-1/2

[Event "Wch U20"]
[Site "Medellin"]
[Date "1996.??.??"]
[Round "11"]
[White "Fridman, Daniel"]
[Black "Kacheishvili, Giorgi"]
[Result "0-1"]
[WhiteElo "2500"]
[BlackElo "2515"]

1.d4 Nf6 2.Nf3 d5 3.c4 c6 4.Nc3 e6 5.e3 Nbd7 6.Qc2 Bd6 7.Bd2 O-O 8.Bd3 dxc4
9.Bxc4 Qe7 10.O-O e5 11.h3 Bc7 12.Bb3 h6 13.Nh4 Re8 14.a3 Nf8 15.dxe5 Qxe5
16.f4 Qh5 17.Nf3 Bf5 18.Qd1 Bd3 19.Rf2 Rad8 20.Ne1 Ba6 21.Qxh5 Nxh5 22.Nc2 Bb6
23.Na4 Ng3 24.Nc3 Ne6 25.Bxe6 Rxe6 26.Re1 Bd3 27.Bc1 c5 28.Kh2 Ne4 29.Nxe4 Bxe4
30.Na1 Ba5 31.b4 cxb4 32.Nb3 b6 33.Bd2 bxa3 34.Nxa5 bxa5 35.Ra1 Rd3 36.Bc1 Rd1
37.Rd2 Rxd2 38.Bxd2 Rb6 39.Rxa3 Rb2 40.Ra4 f5 41.Rd4 a4 42.h4 a3 43.Rd8+ Kf7
44.Bc3 Ke6 45.Be5 g5 46.Rd6+ Ke7 47.hxg5 hxg5 48.fxg5 Rb5 49.Ra6 Rxe5 50.Rxa7+ Ke6
51.Rxa3 Bb7 52.Rb3 Bc6 53.Rb6 Kd6 54.Rb8 Re4 55.Rf8 Rh4+ 56.Kg1 Ke5 57.Rc8 Bd5
58.Re8+ Be6 59.Ra8 Rg4 60.Ra5+ Bd5  0-1

[Event "Wch U20"]
[Site "Medellin"]
[Date "1996.??.??"]
[Round "12"]
[White "Guthrie, David"]
[Black "Pelletier, Yannick"]
[Result "0-1"]
[WhiteElo "2100"]
[BlackElo "2440"]

1.Nf3 Nf6 2.d4 d5 3.c4 e6 4.Nc3 c6 5.e3 Nbd7 6.Qc2 b6 7.b3 Bb7 8.Bb2 Bd6
9.Be2 O-O 10.O-O Qe7 11.e4 Nxe4 12.Nxe4 dxe4 13.Qxe4 Rad8 14.Rad1 f5 15.Qc2 c5
16.Rfe1 Bb8 17.dxc5 bxc5 18.Qc1 h6 19.g3 f4 20.Nh4 Qg5 21.Nf3 fxg3 22.Qxg5 hxg5  0-1

[Event "Wch U20"]
[Site "Medellin"]
[Date "1996.??.??"]
[Round "13"]
[White "Pelletier, Yannick"]
[Black "Savic, Miodrag R"]
[Result "1/2-1/2"]
[WhiteElo "2440"]
[BlackElo "2345"]

1.d4 Nf6 2.c4 e6 3.Nf3 d5 4.Nc3 c6 5.e3 Nbd7 6.Qc2 Bd6 7.Bd3 O-O 8.O-O dxc4
9.Bxc4 Qe7 10.Ne2 c5 11.e4 cxd4 12.Nexd4 Ne5 13.Nxe5 Bxe5 14.Nf3 Qc7 15.Qe2 Bd7
16.Bg5 Bc6 17.Rac1 Bf4 18.Bxf6 gxf6 19.Rc3 Qa5 20.Nd4 Kh8 21.Nxc6 bxc6 22.Rd3 Rad8
23.Rfd1 Rxd3 24.Qxd3 Be5 25.Qd2 Qxd2 26.Rxd2 c5 27.b3 Bd4 28.Rd3  1/2-1/2

[Event "Meisdorf op"]
[Site "Meisdorf"]
[Date "1996.??.??"]
[Round "?"]
[White "Kersten, Uwe"]
[Black "Kiesekamp, Marcos"]
[Result "0-1"]
[WhiteElo "2285"]
[BlackElo "2135"]

1.d4 d5 2.c4 e6 3.Nc3 c6 4.e3 Nf6 5.Nf3 Nbd7 6.Qc2 Bd6 7.b3 O-O 8.Bb2 Qe7
9.Be2 dxc4 10.bxc4 e5 11.O-O e4 12.Nd2 Re8 13.Rae1 c5 14.f3 cxd4 15.exd4 exf3
16.Nxf3 Qe3+ 17.Kh1 Nf8 18.Bc1 Bf5 19.Qb3 Qe6 20.Ng5 Qd7 21.c5 Bb8 22.Rd1 Re7
23.d5 h6 24.Bb5 Qc8 25.d6 Re5 26.Qxf7+ Kh8 27.Rxf5 Rxf5 28.d7 N8xd7 29.Bxd7 Qxd7
30.g4 Qc6+ 31.Nge4 Be5 32.gxf5 Bxc3  0-1

[Event "Meisdorf op"]
[Site "Meisdorf"]
[Date "1996.??.??"]
[Round "?"]
[White "Boensch, Uwe"]
[Black "Krivoshey, Sergei"]
[Result "1/2-1/2"]
[WhiteElo "2550"]
[BlackElo "2430"]

1.d4 d5 2.c4 c6 3.Nf3 e6 4.e3 Nf6 5.Nc3 a6 6.Be2 Nbd7 7.O-O Bd6 8.Qc2 e5
9.cxd5 cxd5 10.dxe5 Nxe5 11.Rd1 Qc7 12.h3 O-O 13.Bd2 Nxf3+ 14.Bxf3 Be6 15.Qd3 Bh2+
16.Kh1 Be5 17.Nxd5 Nxd5 18.Bxd5 Bxd5 19.Qxd5 Bxb2 20.Rab1 Rad8 21.Qb3 Bf6
22.Rdc1 Qe5 23.Bb4 Rfe8 24.Rc5 Qb8 25.Ba5 Rc8 26.Rd5 b5 27.Rbd1 Rc5 28.Qd3 h6
29.Rd6 Qc8 30.Rd7 Rc1 31.Rxc1 Qxc1+ 32.Kh2 Qc4  1/2-1/2

[Event "Wch U16"]
[Site "Menorca"]
[Date "1996.??.??"]
[Round "2"]
[White "Liang Chong"]
[Black "Kavcic, Uros"]
[Result "1-0"]
[WhiteElo "2275"]
[BlackElo "2075"]

1.d4 d5 2.c4 c6 3.Nf3 Nf6 4.e3 e6 5.Nc3 Bd6 6.Qc2 O-O 7.Be2 Nbd7 8.O-O b6
9.e4 dxe4 10.Nxe4 Be7 11.Ne5 Bb7 12.Bf3 Rc8 13.Rd1 h6 14.Bf4 Nxe4 15.Qxe4 Nxe5
16.Bxe5 g6 17.c5 Kh7 18.b4 Ba6 19.Qc2 Qd7 20.a4 Rfd8 21.Qb3 Bb7 22.h3 Qe8
23.Be2 Rd7 24.a5 Qd8 25.a6 Ba8 26.Qe3 Qf8 27.Bc4 Rcd8 28.Bb3 Bg5 29.Qe4 Be7
30.h4 f6 31.Bf4 e5 32.dxe5 fxe5 33.Rxd7 Rxd7 34.Bxe5 bxc5 35.h5 Qf5 36.hxg6+ Qxg6
37.Bg8+  1-0

[Event "Wch U14"]
[Site "Menorca"]
[Date "1996.??.??"]
[Round "5"]
[White "Shinkevich, Vitaly"]
[Black "Raceanu, Valentin"]
[Result "1-0"]
[WhiteElo "2400"]
[BlackElo "2195"]

1.c4 e6 2.Nc3 d5 3.d4 c6 4.e3 Nf6 5.Nf3 Nbd7 6.Bd3 dxc4 7.Bxc4 b5 8.Bd3 a6
9.O-O c5 10.Qe2 Bb7 11.a3 Rc8 12.dxc5 Bxf3 13.gxf3 Nxc5 14.Bc2 Be7 15.Rd1 Qc7
16.Bd2 O-O 17.Be1 Qb7 18.f4 Ncd7 19.Bd3 e5 20.a4 exf4 21.exf4 Nc5 22.axb5 axb5
23.Bxb5 Rcd8 24.Bc4 Rfe8 25.Bb5 Rf8 26.Rxd8 Rxd8 27.Rd1 Rxd1 28.Qxd1 Ne6
29.Qd2 Bc5 30.Be2 h6 31.Bf1 Qb8 32.Ne2 Qb6 33.Bg2 Ng4 34.Nc3 Nd4 35.Nd5 Qd8
36.h3 Nf6 37.Ne3 Qe7 38.Qd3 Ne6 39.Qf5 Nd4 40.Qe5 Qa7 41.Kh1 Qb6 42.Bc3 Ne2
43.Nc4 Qe6 44.Qxe6 fxe6 45.Be5 Bxf2 46.b4 Nh5 47.Bf3 Nhxf4 48.Bxe2 Nxe2 49.b5 Nd4
50.Bxd4 Bxd4 51.b6 g5 52.Kg2 Kg7 53.Kf3 Kf6 54.Ke4 Bg1 55.b7 Bh2 56.Na5 h5
57.Nc6 h4 58.Kf3 Kf5 59.Nd4+ Kf6 60.Nc6 Kf5 61.Nd4+ Kf6 62.Kg4 Bc7 63.Nc6 e5
64.b8=Q Bxb8 65.Nxb8 e4 66.Nc6 e3 67.Nd4 Ke5 68.Nc2 Ke4 69.Ne1 e2 70.Kxg5 Ke3
71.Kxh4  1-0

[Event "Wch U18"]
[Site "Menorca"]
[Date "1996.??.??"]
[Round "10"]
[White "Herraiz, Herminio"]
[Black "Kelly, Bryan"]
[Result "1/2-1/2"]
[WhiteElo "2315"]
[BlackElo "2395"]

1.d4 d5 2.c4 c6 3.Nc3 Nf6 4.Nf3 e6 5.e3 Nbd7 6.Qc2 b6 7.b3 Bb7 8.Bb2 Be7
9.Be2 O-O 10.O-O Qc7 11.Rac1 Rac8 12.Rfd1 Rfd8 13.Bd3 h6 14.Qe2 Qb8 15.Ne5 dxc4
16.bxc4 c5 17.f4 Nf8 18.d5 Re8 19.e4 a6 20.Nxf7 Kxf7 21.e5 Kg8 22.d6 Rcd8
23.exf6 Bxf6 24.Na4 Bxb2 25.Qxb2 Bc6 26.Bc2 Nd7 27.Rd3 Rf8 28.Re1 Rde8 29.Nc3 Rxf4
30.Ne2 Rg4 31.Ng3 e5 32.Bd1 Rd4 33.Rde3 Rxd6 34.Bg4 Rd4 35.h3 Nf6 36.Be2 Qd8
37.Nf5 Rd2 38.Qc3 Be4 39.Ng3 Qd4 40.Qa3 Bb7 41.Nf5 Qd7 42.Rf1 Ne4 43.Bg4 Qc7
44.Qc1 Rxa2 45.Bf3 Ng5 46.Bd5+ Bxd5 47.cxd5 Qd7 48.h4  1/2-1/2

[Event "Wch U18"]
[Site "Menorca"]
[Date "1996.??.??"]
[Round "10"]
[White "Banikas, Hristos"]
[Black "Dao Thien Hai"]
[Result "1/2-1/2"]
[WhiteElo "2445"]
[BlackElo "2535"]

1.d4 d5 2.c4 e6 3.Nc3 c6 4.e3 Nf6 5.Nf3 Nbd7 6.Qc2 Bd6 7.Be2 O-O 8.O-O dxc4
9.Bxc4 b5 10.Be2 Bb7 11.Rd1 Qc7  1/2-1/2

[Event "Metz op"]
[Site "Metz"]
[Date "1996.??.??"]
[Round "?"]
[White "Haik, Aldo"]
[Black "Alawieh, Amine"]
[Result "1-0"]
[WhiteElo "2440"]
[BlackElo "2260"]

1.d4 d5 2.c4 c6 3.Nc3 Nf6 4.Nf3 e6 5.e3 Nbd7 6.Bd3 Bd6 7.O-O O-O 8.e4 dxe4
9.Nxe4 Nxe4 10.Bxe4 e5 11.Bc2 exd4 12.Qxd4 Nc5 13.Bg5 f6 14.Qh4 h6 15.Be3 f5
16.Rad1 Ne4 17.Bxe4 fxe4 18.Qxe4 Bf5 19.Qd4 Bc7 20.Qc3 Qf6 21.Qxf6 Rxf6 22.Nd4 Bg4
23.f3 Re8 24.fxg4 Rxf1+ 25.Kxf1 Rxe3 26.h3 g6 27.Nf3 Re7 28.Re1 Rxe1+ 29.Kxe1 Kf7
30.Ke2 Ke6 31.Kd3 Bd8 32.Ke4 Bf6 33.b3 Kd6 34.Ne1 Ke6 35.Nd3 Be7 36.Ne5 Kf6
37.h4 Bb4 38.c5 Be1 39.h5 gxh5 40.gxh5 Bg3 41.Nc4 Bf2 42.Na5 Kg5 43.Nxb7 Kxh5
44.Kf5 Kh4 45.g4 Be3 46.b4 Bd2 47.b5  1-0

[Event "Metz op"]
[Site "Metz"]
[Date "1996.??.??"]
[Round "?"]
[White "Becq, Alain"]
[Black "Rotman, Daniel"]
[Result "0-1"]
[WhiteElo "1960"]
[BlackElo "2305"]

1.d4 d5 2.c4 c6 3.Nc3 Nf6 4.e3 e6 5.Nf3 Nbd7 6.Bd3 dxc4 7.Bxc4 b5 8.Bd3 Bb7
9.O-O b4 10.Ne4 Be7 11.Nxf6+ Nxf6 12.Bd2 O-O 13.Qb3 Qb6 14.Rac1 a5 15.a3 a4
16.Qc2 b3 17.Qd1 Rfd8 18.Bc3 Ba6 19.Bxa6 Qxa6 20.Ne5 Nd5 21.Qh5 g6 22.Qf3 f6
23.Ng4 h5 24.e4 Nxc3 25.Nxf6+ Bxf6 26.Qxf6 Ne2+ 27.Kh1 Kh7 28.Qe7+ Kh6 29.g4 Qb5
30.d5 Rxd5 31.exd5 Qxd5+ 32.f3 Nxc1 33.g5+ Qxg5 34.Qxg5+ Kxg5 35.Rxc1 Rd8
36.Rxc6 Rd2 37.Rc5+ Kh4  0-1

[Event "Metz op"]
[Site "Metz"]
[Date "1996.??.??"]
[Round "?"]
[White "Haik, Aldo"]
[Black "Becq, Alain"]
[Result "1-0"]
[WhiteElo "2440"]
[BlackElo "1960"]

1.d4 d5 2.c4 c6 3.Nc3 Nf6 4.Nf3 e6 5.e3 Nbd7 6.Bd3 dxc4 7.Bxc4 b5 8.Be2 Bb7
9.e4 b4 10.e5 bxc3 11.exf6 c2 12.Qxc2 Nxf6 13.O-O Be7 14.b4 O-O 15.Rb1 c5
16.bxc5 Be4 17.Bd3 Bxd3 18.Qxd3 Bxc5 19.Bg5 Bb6 20.Rfd1 Qe7 21.Ne5 Rac8 22.Bxf6 gxf6
23.Nc4 Bc7 24.d5 exd5 25.Ne3 Qe5 26.g3 Bb6 27.Nxd5 Rfd8 28.Qf3 Kg7 29.Rb4 Bxf2+
30.Kxf2 Rc2+ 31.Kg1 Rxd5 32.Rg4+ Kh6 33.Rh4+ Kg7 34.Qxd5 Qe2 35.Rxh7+ Kxh7
36.Qxf7+  1-0

[Event "Milan"]
[Site "Milan"]
[Date "1996.??.??"]
[Round "4"]
[White "Vujovic, Milivoje"]
[Black "Valenti, Giuseppe"]
[Result "1/2-1/2"]
[WhiteElo "2345"]
[BlackElo "2210"]

1.c4 e6 2.Nc3 d5 3.e3 Nf6 4.Nf3 c6 5.d4 Nbd7 6.Bd3 Bd6 7.O-O O-O 8.e4 dxc4
9.Bxc4 e5 10.Bg5 Qe7 11.d5 h6 12.Bh4 Re8 13.dxc6 bxc6 14.Rc1 Rb8 15.Rc2 Rb4
16.Qe2 Nc5 17.a3 Rxc4 18.Qxc4 Ba6 19.Bxf6 Qxf6 20.Qa2 Bxf1 21.Kxf1 Qe6 22.b4 Nb3
23.Na4 c5 24.Rc3 cxb4 25.axb4 Nd4 26.Qxe6 Nxe6 27.b5 Nd4 28.Nxd4 exd4 29.Rc6 Bb4
30.Rc4 Bc3 31.Nxc3 dxc3 32.Ke2 Re5 33.Rb4 Rc5 34.Kd1 f5 35.exf5 Rxf5 36.f3 Rc5
37.Kc2 Kf7 38.h4 h5 39.g4 Kg6 40.Rb3 hxg4 41.fxg4 Kh6 42.b6 axb6 43.Rxb6+ Kh7
44.g5 Rc4 45.h5 Rh4 46.h6  1/2-1/2

[Event "Minsk op"]
[Site "Minsk"]
[Date "1996.??.??"]
[Round "4"]
[White "Shishkin, Vadim"]
[Black "Stepanov, Vladimir"]
[Result "1-0"]
[WhiteElo "2425"]
[BlackElo "2240"]

1.d4 d5 2.c4 c6 3.Nc3 Nf6 4.Nf3 e6 5.e3 Be7 6.Qc2 Nbd7 7.g4 Nxg4 8.Rg1 f5
9.h3 Ngf6 10.Rxg7 Ne4 11.Bd2 Bd6 12.Be2 Qf6 13.Rg2 Qh6 14.O-O-O Ndf6 15.Rdg1 Bd7
16.Ne5 Qxh3 17.Nxe4 dxe4 18.c5 Bf8 19.Qb3 Bc8 20.Ba5 Nd5 21.Qd1 Nf6 22.Bc7 Bh6
23.Rg3 Qh2 24.R1g2 Qh4 25.Qg1 f4 26.Rg8+ Rxg8 27.Rxg8+ Bf8 28.Qg7  1-0

[Event "Minsk op"]
[Site "Minsk"]
[Date "1996.??.??"]
[Round "5"]
[White "Volkov, Sergey"]
[Black "Drogoon, A."]
[Result "1-0"]
[WhiteElo "2460"]
[BlackElo "2370"]

1.d4 d5 2.c4 c6 3.Nc3 Nf6 4.e3 e6 5.Nf3 Nbd7 6.Bd3 dxc4 7.Bxc4 b5 8.Be2 Bb7
9.O-O Be7 10.a3 a5 11.Bd2 O-O 12.Qc2 Qb8 13.Rfc1 Rc8 14.Qd1 b4 15.Na4 c5
16.dxc5 Bd5 17.axb4 axb4 18.Qe1 Nxc5 19.Bxb4 Nb3 20.Rxc8+ Qxc8 21.Bxe7 Qe8
22.Rd1 Rxa4 23.Bxf6 gxf6 24.Qc3 Qe7 25.Rxd5 exd5 26.Qxb3 Ra1+ 27.Bf1 Qc5
28.h3 Qc1 29.Nh2 Kg7 30.Qb8 Rb1 31.Qg3+ Kf8 32.Qd6+ Kg7 33.Qxd5 Qxb2 34.Qh5  1-0

[Event "Minsk"]
[Site "Minsk"]
[Date "1996.??.??"]
[Round "7"]
[White "Dydyshko, Viacheslav"]
[Black "Filippov, Valerij"]
[Result "0-1"]
[WhiteElo "2575"]
[BlackElo "2530"]

1.d4 d5 2.c4 c6 3.Nf3 Nf6 4.Nc3 e6 5.e3 Nbd7 6.Qc2 Bd6 7.b3 O-O 8.Be2 e5
9.cxd5 Nxd5 10.Bb2 Bb4 11.Rc1 Qa5 12.O-O Nxc3 13.Bxc3 Bxc3 14.Qxc3 Qxa2 15.Bc4 Qa3
16.dxe5 Qe7 17.e6 fxe6 18.Rfd1 Kh8 19.Rd4 c5 20.Rd2 a6 21.Bd3 b6 22.Be4 Ra7
23.Ne5 Nf6 24.Qc2 Nxe4 25.Qxe4 Bb7 26.Qg4 Ba8 27.f3 b5 28.e4 c4 29.Qg3 cxb3
30.Rb2 a5 31.Rxb3 b4 32.Qe1 Rc7 33.Kh1 a4 34.Rbb1 b3 35.Rxc7 Qxc7 36.Qb4 Rc8
37.Nd3 Qc2  0-1

[Event "Minsk"]
[Site "Minsk"]
[Date "1996.??.??"]
[Round "9"]
[White "Rustemov, Alexander"]
[Black "Filippov, Valerij"]
[Result "1-0"]
[WhiteElo "2495"]
[BlackElo "2530"]

1.d4 d5 2.c4 c6 3.e3 Nf6 4.Nc3 e6 5.Nf3 Nbd7 6.Qc2 Bd6 7.b3 O-O 8.Be2 e5
9.cxd5 Nxd5 10.Nxd5 cxd5 11.dxe5 Nxe5 12.Bb2 Nxf3+ 13.Bxf3 Bb4+ 14.Kf1 Be6
15.Qd3 Be7 16.Ke2 Qd7 17.Rhd1 Rfd8 18.Kf1 Rac8 19.Kg1 b6 20.Rd2 f6 21.Qe2 Bb4
22.Rd4 Bd6 23.Rad1 Be5 24.R4d2 Bxb2 25.Rxb2 Qc7 26.Rbd2 Qe5 27.Qa6 Rc7 28.h3 f5
29.Rd4 Rcd7 30.Qd3 g6 31.g3 Kg7 32.Kg2 Kf6 33.Rd2 Kg7 34.b4 Kf6 35.Qb3 Kg7
36.Qd1 Kf6 37.R2d3 Kg7 38.Qd2 Kf6 39.Kh2 Kg7 40.Bg2 Kf7 41.a4 Kf6 42.b5 Kf7
43.Rc3 Qb8 44.Qc1 Qe5 45.Bf3 Kg7 46.Kg2 Kf7 47.Bd1 Qb8 48.Bb3 Ke7 49.Rc6 Rd6
50.Rc7+ R6d7 51.Rc3 Kf7 52.Kg1 Qe5 53.Qd2 Qb8 54.Rc6 Rd6 55.Rc3 R6d7 56.Kh2 Qb7
57.Rcd3 Rd6 58.f3 Ke7 59.e4 Qc7 60.Rc3 Qb7 61.e5 R6d7 62.Rc6 Bg8 63.Qg5+ Ke8
64.Qf6 Rf7 65.Re6+ Re7 66.Qh8 Kf8 67.Rc6 Rg7 68.Rxd5 Rxd5 69.Bxd5 Qd7 70.Rf6+  1-0